000 00217nam a2200097Ia 4500
008 240625s9999 xx 000 0 und d
041 _aeng
100 _aP C QUEST
245 _aP C QUEST 5 CRM SOLUTIONS
260 _c2006
999 _c33424
_d33424